La terminología: teoría, metodología, aplicaciones
Guardat en:
| Autor principal: | |
|---|---|
| Format: | Llibre |
| Idioma: | espanyol |
| Publicat: |
Barcelona
Antártida
1993
|
| Edició: | 1a. ed |
| Matèries: | |
| Etiquetes: |
Afegir etiqueta
Sense etiquetes, Sigues el primer a etiquetar aquest registre!
|
MARC
| LEADER | 00000cam a2200000 a 4500 | ||
|---|---|---|---|
| 001 | UCF5038 | ||
| 003 | CL-VaPUC | ||
| 008 | 130110e19931200SP |||||||||||||||||spa|d | ||
| 020 | |a 8475964052 | ||
| 082 | 0 | 4 | |a 418 |b CAB |2 21 |
| 100 | 0 | |a Cabré Castellví, María Teresa |e author |9 566753 | |
| 245 | 1 | 3 | |a La terminología: teoría, metodología, aplicaciones |
| 250 | |a 1a. ed | ||
| 300 | |a 529 p | ||
| 942 | |c BK | ||
| 945 | |d 20130110 00:00:00 |a dcastane | ||
| 260 | |a Barcelona |b Antártida |c 1993 | ||
| 650 | 0 | |a Comunicación |9 257251 | |
| 650 | 0 | |a Lingüística |9 265068 | |
| 650 | 7 | |a TERMINOLOGIA |2 CL-VaPUC |9 254881 | |
| 583 | |a last modification |c 20130110 11:00:00 |k Rodrigo Vera | ||
| 999 | |c 350663 |d 350661 | ||
| 952 | |0 0 |1 0 |4 0 |6 418_000000000000000_CAB_1993 |7 0 |8 A |9 454219 |a BIBEDU |b BIBEDU |c ES_NOD |d 2019-11-22 |i 4841565 |l 9 |m 4 |o 418 CAB 1993 |p 4841565 |r 2024-10-16 |s 2024-10-07 |w 2019-11-22 |y BK |k LIT | ||